Agra Gharana / (Record no. 174411)

MARC details
000 -LEADER
fixed length control field 00578nam a22001817a 4500
005 - DATE AND TIME OF LATEST TRANSACTION
control field 20200612131407.0
010 ## - LCCN (DPL NO)
LC control number ENG-128193
020 ## - INTERNATIONAL STANDARD BOOK NUMBER
Terms of availability 625.00
International Standard Book Number 9788194117964
035 ## - SYSTEM CONTROL NUMBER
System control number EN-111725
037 ## - SOURCE OF ACQUISITION
Source of stock number/acquisition DBAD/PUB
082 ## - DEWEY DECIMAL CLASSIFICATION NUMBER
Classification number 780.954
100 ## - MAIN ENTRY--PERSONAL NAME
Personal name Kelkar,Rajesh Gopalrao
245 ## - TITLE STATEMENT
Title Agra Gharana /
Statement of responsibility, etc by Rajesh Gopalrao kelkar
Remainder of title With spl.Ref.to North-Western uttar Pradesh:
260 ## - PUBLICATION, DISTRIBUTION, ETC. (IMPRINT)
Place of publication, distribution, etc New Delhi
Name of publisher, distributor, etc Raj Publication
Date of publication, distribution, etc 2019
270 ## - ADDRESS
Address 108,4855/24,Ansari Road,Daryaganj
City New Delhi
Postal code 110002
300 ## - PHYSICAL DESCRIPTION
Extent 207p.
Dimensions 22cm(hb)
942 ## - ADDED ENTRY ELEMENTS (KOHA)
Source of classification or shelving scheme Dewey Decimal Classification
Item type English Books
Classification part 780.954
Call number suffix KEL
Holdings
Withdrawn status Lost status Not for loan Collection code Home library Current library Date acquired Source of acquisition Cost, normal purchase price Full call number Barcode Copy number Cost, replacement price Koha item type
      Non-fiction Central Library Central Library 12/06/2020 DBAD/PUB 625.00 780.954 KEL EN-111725 1 625.00 English Books

© Delhi Public Library
Hit Counter
free hit counter